000 00945nam a2200265 i 4500
001 10918
003 ES-MaACL
005 20230906150005.0
008 930324r19921633sp |||| | spa
020 _a84-86864-92-5
080 _a338.516.47(460)"16":633.11
080 _a633.11:338.516.47(460)
100 1 _aSoria, Melchor de.
_9107358
245 1 0 _aTratado de la justificación y conveniencia de la tassa de el pan /
_cMelchor de Soria ; edición e introducción, Francisco Gómez Camacho.
260 _aMadrid :
_bFundación Banco Exterior,
_c[1992]
300 _a215 p. ;
_c23 cm.
490 1 _aInvestigaciones
534 _pReprod. de la ed. de:
_cToledo : Imp. de Juan Ruiz Pereda, 1633.
650 1 4 _aTrigo-
_xPrecios-
_zEspaña.
_9169913
700 1 _aGómez Camacho, Francisco.
_957852
710 2 _aFundación Banco Exterior.
_94226
830 1 _aInvestigaciones
_9178290
852 _aES-MaACL
_jL-18259
999 _c10918
_d10918